El intelectual contra la ciudad: de Thomas Jefferson a Frank Lloyd Wright
Guardat en:
| Autors principals: | , |
|---|---|
| Format: | Llibre |
| Idioma: | espanyol |
| Publicat: |
Buenos Aires
Infinito
1967
|
| Col·lecció: | Biblioteca de Planeamiento y Vivienda, 10
|
| Matèries: | |
| Etiquetes: |
Afegir etiqueta
Sense etiquetes, Sigues el primer a etiquetar aquest registre!
|
MARC
| LEADER | 00000nam a2200000 a 4500 | ||
|---|---|---|---|
| 001 | UCV9465 | ||
| 003 | CL-VaPUC | ||
| 008 | 921014e19670000AG |||||||||||||||||spa|d | ||
| 082 | 0 | 4 | |a 711.1 |b WHI |2 21 |
| 100 | 0 | |a White, Morton Gabriel |e author |9 303466 | |
| 700 | 0 | |a White, Lucía |e author |9 303467 | |
| 245 | 1 | 3 | |a El intelectual contra la ciudad: de Thomas Jefferson a Frank Lloyd Wright |
| 300 | |a 254 p | ||
| 942 | |c BK | ||
| 945 | |d 19921014 00:00:00 | ||
| 260 | |a Buenos Aires |b Infinito |c 1967 | ||
| 650 | 0 | |a Ciudadanía |9 258339 | |
| 650 | 0 | |a Filosofía social |9 268191 | |
| 651 | 0 | |a Estados Unidos |9 255178 | |
| 583 | |a last modification |c 20180403 03:12:04 |k Rodrigo Vera | ||
| 490 | 0 | |a Biblioteca de Planeamiento y Vivienda, 10 | |
| 999 | |c 214794 |d 214792 | ||
| 952 | |0 0 |1 0 |4 0 |6 711_100000000000000_WHI_1967 |7 0 |8 P |9 198517 |a BIBARQ |b BIBARQ |d 2019-11-14 |i 2659778 |o 711.1 WHI 1967 |p 2659778 |r 2025-01-20 |w 2019-11-14 |y BK |k ARQ | ||